| 000 | 00499nam a2200169Ia 4500 | ||
|---|---|---|---|
| 005 | 20250423100825.0 | ||
| 008 | 250422s9999 xx 000 0 und d | ||
| 020 | _a9772690527 | ||
| 050 | _aR 834 .5 .G78/ | ||
| 245 | 0 | _aReview for USMLE : United States medical licensing examination step 2 | |
| 260 | _aPhiladelphia | ||
| 260 | _bWilliams & Wilkins | ||
| 260 | _c1994 | ||
| 300 | _a329 p | ||
| 650 | _aMedicine --Examinations, questions, etc. Medicine --examination questions. | ||
| 942 | _cBK | ||
| 999 |
_c34446 _d34446 |
||